Cái tôi trữ tình trong thơ Nguyễn Duy Khóa luận tốt nghiệp : Ngành Sư phạm ngữ văn: Trình độ : Đại học

Saved in:
Bibliographic Details
Main Author: Lê, Thị Bích Ngọc
Other Authors: Nguyễn, Thị Chính (hướng dẫn)
Format: Thesis Kit Book
Language:Vietnamese
Published: Đồng Tháp Trường Đại học Đồng Tháp 2009
Subjects:
Tags: Add Tag
No Tags, Be the first to tag this record!
Institutions: Trung tâm Học liệu Lê Vũ Hùng, Trường Đại học Đồng Tháp
LEADER 01231ppm a22003018a 4500
001 00027127
005 20171026081025.0
008 111006s2009 ||||||viesd
041 0 # |a vie 
082 1 4 |b C103T  |a 895.922 100 9 
100 1 # |a Lê, Thị Bích Ngọc 
245 1 0 |a Cái tôi trữ tình trong thơ Nguyễn Duy  |b Khóa luận tốt nghiệp : Ngành Sư phạm ngữ văn: Trình độ : Đại học  |c Lê Thị Bích Ngọc; Nguyễn Thị Chính hướng dẫn 
260 # # |a Đồng Tháp  |b Trường Đại học Đồng Tháp  |c 2009 
300 # # |a 106 tr.  |c 30 cm.  |e 1 bản tóm tắt 
500 # # |a ĐTTTS ghi: Bộ Giáo dục và Đào tạo. Trường Đại học Đồng Tháp 
600 0 4 |a Nguyễn Duy 
650 |a Nghiên cứu văn học  |z Việt Nam 
653 # # |a Cái tôi 
653 # # |a Thơ 
653 # # |a Trữ tình 
700 1 # |a Nguyễn, Thị Chính  |e hướng dẫn 
852 # # |b Kho đọc  |j KD.0011727, KD.0013906 
852 # # |j KD.0011727  |j KD.0013906 
910 # # |a Ntuyet  |d 06/10/2011 
980 # # |a Trung tâm Học liệu Lê Vũ Hùng, Trường Đại học Đồng Tháp